000 01348nam a2200289 4500
003 EG-GICUC
005 20260121101217.0
008 251113s2001 ua ||||fr|||| 00| 0 ara d
040 _a EG-GICUC
_bara
_c EG-GICUC
_d EG-GICUC
_erda
041 0 _aara
082 0 4 _221
_a341.851
_bح ف . ا
092 0 4 _221
099 _aLaw1 12 341.851 ح ف. ا 2001
100 0 _aحفيظة السيد الحداد
_eمؤلف.
245 1 2 _aالاتجاهات المعاصرة بشأن اتفاق التحكيم :
_bمن حيث استقلاليته ةاثاره والنظام القانوني الذي يحكمه ومدي تأثر قانون التحكيم المصري الجديد بها /
_cحفيظة السيد الحداد.
264 _aالاسكندرية :
_bدار الفكر الجامعي،
_c2001.
300 _a187 ؛ صفحة
_c24 سم
336 _2rda content
_atext
337 _2rda media
_aComputer
338 _2rda carrier
_aOnline Resource
504 _aيحتوي على ارجاعات ببليوجرافية يحتوي على قائمة بالمراجع
546 _aالنص أغلبه باللغة العربية مع بعض النصوص الفرنسية
650 1 _aالتحكيم - قانون دولي
856 4 0 _uhttps://fll.law.cu.edu.eg/fulltext/bks/B12-01166.pdf
905 _a75
_eYara
942 _2ddc
_n0
_cBK
_e21
999 _c43011
_d43011